| 000 | 00903cam a2200157ua 4500 | ||
|---|---|---|---|
| 041 |
_aeng _h |
||
| 082 |
_a624.21 _bIND/CO |
||
| 110 | 1 |
_aIndian standards institution . _bISI _c() |
|
| 245 |
_aCode of practice for steel bridges,IS:1915-1981 / _cIndian standards institution. _hTextual Documents |
||
| 250 |
_a1 / _b. |
||
| 260 |
_a : _bISI , _c1983. |
||
| 300 | _a96 ; . | ||
| 504 | _a | ||
| 942 | _cBK | ||
| 999 |
_c4227 _d4227 |
||